|
|
|
|
| LEADER |
02819nam a22005175i 4500 |
| 001 |
978-1-4020-6426-5 |
| 003 |
DE-He213 |
| 005 |
20151204154256.0 |
| 007 |
cr nn 008mamaa |
| 008 |
100301s2008 ne | s |||| 0|eng d |
| 020 |
|
|
|a 9781402064265
|9 978-1-4020-6426-5
|
| 024 |
7 |
|
|a 10.1007/978-1-4020-6426-5
|2 doi
|
| 040 |
|
|
|d GrThAP
|
| 050 |
|
4 |
|a QH573-671
|
| 072 |
|
7 |
|a PSF
|2 bicssc
|
| 072 |
|
7 |
|a SCI049000
|2 bisacsh
|
| 082 |
0 |
4 |
|a 571.6
|2 23
|
| 245 |
1 |
0 |
|a Mechanosensitive Ion Channels
|h [electronic resource] /
|c edited by Andre Kamkin, Irina Kiseleva.
|
| 264 |
|
1 |
|a Dordrecht :
|b Springer Netherlands,
|c 2008.
|
| 300 |
|
|
|a XXII, 382 p.
|b online resource.
|
| 336 |
|
|
|a text
|b txt
|2 rdacontent
|
| 337 |
|
|
|a computer
|b c
|2 rdamedia
|
| 338 |
|
|
|a online resource
|b cr
|2 rdacarrier
|
| 347 |
|
|
|a text file
|b PDF
|2 rda
|
| 490 |
1 |
|
|a Mechanosensitivity in Cells and Tissues ;
|v 1
|
| 505 |
0 |
|
|a Mechanosensitive Channels -- Experimental Methods of Studying Mechanosensitive Channels and Possible Errors in Data Interpretation -- Role of Lipid Bilayer Mechanics in Mechanosensation -- Mechanosensitive Channels Gated by Membrane Tension -- Computational Studies of the Bacterial Mechanosensitive Channels -- Mechanosensory Transduction in the Nematode Caenorhabditis elegans -- Mechanosensitive Ion Channels in Odontoblasts -- Potassium Ion Channels in Articular Chondrocytes -- Osmotransduction Through Volume-Sensitive Cl- Channels -- Mechanosensitive Channel TRPV4 -- Mechanosensitive Signalling Cascades -- Mechanosensitive Purinergic Calcium Signalling in Articular Chondrocytes -- Signal Transduction Pathways Involved in Mechanotransduction in Osteoblastic and Mesenchymal Stem Cells -- Caveolae -- Multimodal Activation and Regulation of Neuronal Mechanosensitive Cation Channels -- Regulation of Intracellular Signal Transduction Pathways by Mechanosensitive Ion Channels -- Cell Mechanobiology -- The Effects of Mechanical Stimulation on Vertebrate Hearts -- Mechanobiology of Fibroblasts.
|
| 650 |
|
0 |
|a Life sciences.
|
| 650 |
|
0 |
|a Cell biology.
|
| 650 |
|
0 |
|a Animal physiology.
|
| 650 |
|
0 |
|a Biomathematics.
|
| 650 |
|
0 |
|a Biophysics.
|
| 650 |
|
0 |
|a Biological physics.
|
| 650 |
1 |
4 |
|a Life Sciences.
|
| 650 |
2 |
4 |
|a Cell Biology.
|
| 650 |
2 |
4 |
|a Animal Physiology.
|
| 650 |
2 |
4 |
|a Biophysics and Biological Physics.
|
| 650 |
2 |
4 |
|a Physiological, Cellular and Medical Topics.
|
| 700 |
1 |
|
|a Kamkin, Andre.
|e editor.
|
| 700 |
1 |
|
|a Kiseleva, Irina.
|e editor.
|
| 710 |
2 |
|
|a SpringerLink (Online service)
|
| 773 |
0 |
|
|t Springer eBooks
|
| 776 |
0 |
8 |
|i Printed edition:
|z 9781402064258
|
| 830 |
|
0 |
|a Mechanosensitivity in Cells and Tissues ;
|v 1
|
| 856 |
4 |
0 |
|u http://dx.doi.org/10.1007/978-1-4020-6426-5
|z Full Text via HEAL-Link
|
| 912 |
|
|
|a ZDB-2-SBL
|
| 950 |
|
|
|a Biomedical and Life Sciences (Springer-11642)
|